IEEE transactions on parallel and distributed systems
Αποθηκεύτηκε σε:
| Συλλογικό Έργο: | , |
|---|---|
| Μορφή: | Περιοδική έκδοση |
| Γλώσσα: | English |
| Δημοσίευση: |
New York :
IEEE computer society,
c1990-
|
| Θέματα: | |
| Ετικέτες: |
Προσθήκη ετικέτας
Δεν υπάρχουν, Καταχωρήστε ετικέτα πρώτοι!
|
MARC
| LEADER | 00000nas a2200000 i 4500 | ||
|---|---|---|---|
| 001 | 1/14010 | ||
| 008 | 001130c19909999 eng d | ||
| 022 | |a 10459219 | ||
| 035 | |l 10064835 | ||
| 040 | |a GR-MY-UA |b gre |e aacr | ||
| 041 | 0 | |a eng | |
| 082 | 0 | |a 004.3505 | |
| 110 | 2 | |a Institute of Electrical and Electronics Engineers. | |
| 245 | 1 | 0 | |a IEEE transactions on parallel and distributed systems |h [περιοδικό] |
| 246 | 3 | 3 | |a Parallel and distributed systems |
| 260 | |a New York : |b IEEE computer society, |c c1990- | ||
| 300 | |a v.; |b ill.; |c 28 cm. | ||
| 310 | |a Monthly, 1993- | ||
| 650 | 0 | 0 | |a Parallel processing (Electronic computers) |x Periodicals. |
| 650 | 0 | 0 | |a Electronic data processing |x Distributed processing |x Periodicals. |
| 710 | 2 | |a IEEE Computer Society. | |
| 853 | |a INST |b SAMOS |c SER | ||
| 922 | |a 3ΕΛΗ |b 200011 |c ΚΕΝΤΡΙΚΗ ΒΙΒΛΙΟΘΗΚΗ |d SWETS | ||